| 000 | 00420nam a2200169 a 4500 | ||
|---|---|---|---|
| 001 | 0000-8581 | ||
| 003 | ELIB.Books | ||
| 008 | 110520 1935 | ||
| 035 | _a(ELIB.Books)0000-8727 | ||
| 082 |
_a242 _bJon |
||
| 100 | _aJones, Stanley | ||
| 245 | _aThe Way | ||
| 260 |
_bNew York: Abingdon Cokesbury Press _c1935 |
||
| 650 | _aDevotional Theology | ||
| 942 |
_2ddc _cBK |
||
| 998 |
_cbat _e2011-05-20 |
||
| 999 |
_c8581 _d8581 |
||